000 00464nam a2200145Ia 4500
008 230917s9999||||xx |||||||||||||| ||und||
040 _e197467
_aMAIN
041 _aEnglish
082 _a891.431711 MO857:SR
100 _aशुक्ल, रामदेव
245 0 _aमोती बीं. ए. ग्रन्थावली 9 खण्ड
260 _aनई दिल्ली
_bनमन प्रकाशन
_c2011
300 _av. p.
942 _cHN
999 _c169975
_d169975